|
|
|
|
| LEADER |
02005nam a22003852a 4500 |
| 001 |
000157141 |
| 003 |
CZ BrMZK |
| 005 |
20080213103746.0 |
| 007 |
ta |
| 008 |
970103s1990 xr a f cze d |
| 015 |
|
|
|a cnb000061234
|
| 020 |
|
|
|a 80-214-0185-0
|q (Brož.) :
|c 11 Kčs
|
| 035 |
|
|
|a (OCoLC)39588894
|
| 040 |
|
|
|a ABA001
|b cze
|d BOA001
|
| 080 |
9 |
|
|a 621.317
|
| 100 |
1 |
|
|a Svačina, Jiří,
|d 1948-
|7 jn20000710620
|4 aut
|
| 245 |
1 |
0 |
|a Elektronické měřicí přístroje :
|b pomůcka pro práci v radioelektronických laboratořích /
|c Jiří Svačina a kolektiv
|
| 250 |
|
|
|a 1. vyd.
|
| 260 |
|
|
|a Praha :
|b Mezinárodní organizace novinářů,
|c 1990
|
| 300 |
|
|
|a 159 s. :
|b il. ;
|c 29 cm
|
| 490 |
1 |
|
|a Učební texty vysokých škol
|
| 500 |
|
|
|a 600 výt.
|
| 810 |
2 |
|
|a Vysoké učení technické v Brně.
|b Fakulta elektrotechniky.
|t Učební texty
|0 s
|
| 856 |
4 |
1 |
|u http://www.digitalniknihovna.cz/mzk/uuid/uuid:9c945310-bfbc-11e3-b110-005056827e51
|y Digitalizovaný dokument
|x NDK
|
| 910 |
|
|
|a BOA001
|b TK-A-0244.548
|b 4-0966.753
|
| 964 |
|
|
|a Měřící elektronické přístroje - učebnice - vysoké školy
|
| 990 |
|
|
|a BK
|
| 996 |
7 |
|
|b 2629986313
|c TK-A-0244.548
|l MZK
|r Sklad / do 24 hodin
|n 1
|w 000157141
|u 000010
|a 1
|e BOA001
|j MZK50
|s A
|
| 996 |
7 |
|
|b 2629994186
|c TK-A-0244.548
|l MZK
|r Sklad / do 24 hodin
|n 0
|w 000157141
|u 000060
|a 1
|e BOA001
|j MZK50
|s A
|
| 996 |
7 |
|
|b 2629994187
|c TK-A-0244.548
|l MZK
|r Sklad / do 24 hodin
|n 1
|w 000157141
|u 000070
|a 1
|e BOA001
|j MZK50
|s A
|
| 996 |
7 |
|
|b 2629994188
|c TK-A-0244.548
|l MZK
|r Sklad / do 24 hodin
|n 0
|w 000157141
|u 000050
|a 1
|e BOA001
|j MZK50
|s A
|
| 996 |
7 |
|
|b 2629994189
|c TK-A-0244.548
|l MZK
|r Sklad / do 24 hodin
|n 1
|w 000157141
|u 000040
|a 1
|e BOA001
|j MZK50
|s A
|
| 996 |
7 |
|
|b 2629994190
|c TK-A-0244.548
|l MZK
|r Sklad / do 24 hodin
|n 1
|w 000157141
|u 000020
|a 1
|e BOA001
|j MZK50
|s A
|
| 996 |
6 |
|
|b BC-552802
|c 4-0966.753
|l MZK
|r Sklad / do 1 hodiny
|n 0
|w 000157141
|u 000080
|a 1
|e BOA001
|j MZK50
|s P
|
| 996 |
6 |
|
|b BC-552803
|c 4-0966.753
|l MZK
|r Sklad / do 1 hodiny
|n 0
|w 000157141
|u 000090
|a 1
|e BOA001
|j MZK50
|s P
|